| 000 | 00622nam a2200193 a 4500 | ||
|---|---|---|---|
| 005 | 20210219160215.0 | ||
| 008 | 080925s1980 mx r 000 0 spa d | ||
| 035 | _aUPN01000160927 | ||
| 049 | _aUNE | ||
| 080 | _aDO 341.16: 001 (093.2) 1979 RES 108a. | ||
| 110 | 2 |
_aUNESCO. Consejo Ejecutivo _n(108a. : _d1979 : _cParís) |
|
| 245 | 1 | 0 | _aActas Resumidas |
| 260 |
_aParís : _bUNESCO, _c1980. |
||
| 300 | _a340 p. | ||
| 500 | _aIncluye texto en inglés, francés, chino, ruso y español | ||
| 690 | _aAcuerdos- Consejo ejecutivo de la UNESCO | ||
| 690 | _aConsejo ejecutivo de la UNESCO- Acuerdos. | ||
| 905 | _aUNESCO | ||
| 999 |
_c133040 _d133040 |
||